01001nam a22001937a 4500003000400000005001700004008004100021020001800062040001700080050002300097082002300120100002000143245008300163260002800246300003000274500034700304653014300651856001300794OSt20260511115614.0260511b ||||| |||| 00| 0 eng d a9789995663605 aBSHUAbShqip b391(496.528)/Llub. b391(496.528)/Llub. aLlubani, Mehmet aKruja - Veshjet Popullore = Kruja - Folk Costumes = Kruja - I Costumi Popolari aTirane:bFLESH, c2007. a102 f.; me fotoc23.5 cm. aKonsulent, piktor - etnograf : Matish Staka Arkiva e fotove : Matish Staka, Mehmet Llubani Bashkepunuan per fotot : Edmond Hoxha, Agron Goci Formulimi grafik : Flamur Hudhri, Kleant Halili Perkthimi i tekstit anglisht : Gazmend Goci, Qamile Citozi Perkthimi i tekstit italisht : Arben Hajri Koordinatore : Adelina Hoxha Redaktor : Hamdi Meca  aKostumet popullore - Veshjet popullore - Veshjet tradicionale - Veshjet e burrit - Veshjet e gruas - Kostumet e Krujes - aMehmet Llubani  yFulltext